00271nam a2200097Ia 4500008004100000082001200041100001700053245008500070260000900155300000900164190415s9999 xx 000 0 und d aRG.0051 aGaggar, P.R. 0aEvaluation of the new economic programme in rural Rajasthan : A case study of Ba c1979 a67p.